| 000 | 00522cam a22002171 4500 | ||
|---|---|---|---|
| 001 | ne 65001436 | ||
| 003 | DLC | ||
| 005 | 20260227111815.0 | ||
| 008 | 890401s1964 xx 000 0 ara | ||
| 010 | _ane 65001436 | ||
| 035 | _a(OCoLC)23517642 | ||
| 040 |
_aDLC _cMiU _dDLC |
||
| 042 | _apremarc | ||
| 050 | 0 | 0 |
_aDS149 _b.F28 |
| 100 | 1 |
_aAl-Faruqi, Ismaʼil R., _d1921-1986. |
|
| 245 | 1 | 0 | _aUṣūl al-Ṣihyūnīyah. |
| 260 | _c[1964] | ||
| 300 |
_a100 p. _c24 cm. |
||
| 500 | _aRomanized. | ||
| 650 | 0 | _aZionism. | |
| 999 |
_c48262 _d48262 |
||